00786nam a2200205 i 450000100060000000300090000600500170001500700030003200800410003510000310007624501470010726000290025430000260028365000380030970000290034770000430037685200220041999900170044195201220045898376ES-MaACL20250815112207.0t|050728s1967 zzz ||||1| spa d1 aMartín, Alfred N.97726110aPrincipios de físico-química para Farmacia y Biología / cpor Alfred N. Martín; [versión P. Sanz Pedrero y S. García Fernández]. a[s.l. : bs.n.], c1967. aXX, 744 p. ; c25 cm. 7aQuímica física2embne91367981 aSanz Pedrero, P.91036741 aGarcía Fernández, Santiago.954603 aES-MaACLjC-33234 c98376d98376 00104070aATENEOMbATENEOMcDEPO2d2008-01-17eSCl0oC-33234p1102696r2023-02-23 00:00:00w2023-02-23yMONOGRAFIA